| 000 | 01096cam a22003254a 4500 | ||
|---|---|---|---|
| 001 | 17012360 | ||
| 003 | Nust- CAS-E | ||
| 005 | 20180118181354.0 | ||
| 008 | 111020s2012 flua b 001 0 eng | ||
| 010 | _a 2011038431 | ||
| 016 | 7 |
_a015865020 _2Uk |
|
| 020 | _a9781439830062 | ||
| 020 | _a1439830061 | ||
| 035 | _a(OCoLC)ocn449888965 | ||
| 040 |
_aDLC _cDLC _dYDX _dBTCTA _dYDXCP _dBWX _dUKMGB _dCDX _dDLC |
||
| 042 | _apcc | ||
| 050 | 0 | 0 |
_aTJ765 _b.I27 2012 |
| 082 | 0 | 0 |
_a621.4/2 _223 _bIBR 2012 |
| 100 | 1 | _aIbrahim, Mounir B. | |
| 245 | 1 | 0 |
_aStirling convertor regenerators / _cMounir B. Ibrahim, Roy C. Tew, Jr. |
| 260 |
_aBoca Raton, FL : _bCRC Press, _cc2012. |
||
| 300 |
_axxi, 465 p. : _bill. ; _c25 cm. |
||
| 504 | _aIncludes bibliographical references and index. | ||
| 650 | 0 |
_aStirling engines _xResearch. |
|
| 650 | 0 |
_aSpace vehicles _xPropulsion systems _xResearch. |
|
| 700 | 1 | _aTew, Roy C. | |
| 906 |
_a7 _bcbc _corignew _d1 _eecip _f20 _gy-gencatlg |
||
| 942 |
_2ddc _cBK |
||
| 999 |
_c355236 _d355236 |
||